000 00477nam a2200181 a 4500
001 38086
005 20180714011240.0
008 140415s2000 mx 000 0 spa d
020 _a9701025415
041 _aspa
082 _a616.3623
_bASO
100 1 _aASOCIACION MEXICANA DE PEDIATRIA
245 1 0 _aHEPATITIS
250 _a1a ed.
260 _aMEXICO :
_bMCGRAW-HILL INTERAMERICANA EDITORES,
_c2000
300 _a218
650 1 4 _aHEPATITIS
_xPEDIATRIA
999 _c38086
_d38086